Find That Fruit! Quiz Stats

Quiz Updated Nov 8, 2017

Also try: Name That Fruit!
Challenge
Share
Tweet
Score 0/42 Timer 05:00
15 Plays Today
% Correct
Banana
93%
Pineapple
92.8%
Cherry
92.7%
Blueberry
92.6%
Coconut
92.6%
Lemon
92.4%
Orange
92.4%
Pumpkin
92.1%
Pear
91.9%
Raspberry
91.6%
Eggplant
91.6%
Watermelon
91.5%
Lime
91.4%
Grape
91.1%
Strawberry
90.9%
Chili pepper
90.4%
Bell pepper
90.3%
Kiwifruit
90%
Plum
89.4%
Avocado
88.9%
Carambola (starfruit)
87.7%
% Correct
Peach
87.5%
Pomegranate
86.7%
Walnut
86.5%
Cantaloupe
85.3%
Zucchini
85.2%
Honeydew melon
83.7%
Grapefruit
83.1%
Tomato
82%
Apple
80.4%
Pitaya (dragon fruit)
79.1%
Mango
78.6%
Cucumber
75.9%
Papaya
75.7%
Blood orange
74.8%
Hazelnut
73.8%
Chestnut
71%
Kiwano (horned melon)
64.5%
Lychee
61.6%
Persimmon
61.5%
Passion fruit
60%
Guava
54.5%

You're not logged in!

Compare scores with friends on all Sporcle quizzes.
Sign Up with Email
OR
Log In

You Might Also Like...

Show Comments

Extras

Top Quizzes Today


Score Distribution

Your Account Isn't Verified!

In order to create a playlist on Sporcle, you need to verify the email address you used during registration. Go to your Sporcle Settings to finish the process.